000 01206cam a22002174a 4500
005 20250605164021.0
008 250528s ||||||||||||||||||||||||d
035 _a16342
020 _a76153760
040 _aGR-AtMCL
_bgre
_dGR-AtMCL
_eAACR2
245 1 _aModern Art in America
260 _bCrowell - Collier Press,
_c1971
300 _a220
505 0 _aLondon and Brooklyn and Paris, Up from the Ashes and the Chicago School, Ryder and Marin and Wright, The Armony Show, What is Modern Art, Frank Lloyd Wright: The Architect who Loved Nature, Gallery, Regionalism and Social Realism and Social Protest, Cities Within Cities, The Abstract Expressionists, Sculpture, The Cool Sixties, Bibliography, Index.
520 _aLondon and Brooklyn and Paris, Up from the Ashes and the Chicago School, Ryder and Marin and Wright, The Armony Show, What is Modern Art, Frank Lloyd Wright: The Architect who Loved Nature, Gallery, Regionalism and Social Realism and Social Protest, Cities Within Cities, The Abstract Expressionists, Sculpture, The Cool Sixties, Bibliography, Index.
700 1 _aMyron Robert
_92432
700 1 _aSundell Abner
_92433
942 _cBK
999 _c1853
_d1853